Quiz su Milano - Statistics

Statistiche generali
  • Questo quiz è stato fatto 54 volte
  • Il punteggio medio è 14 su 17
Statistiche sulle risposte
Inizio Risposta % Corretto
Nome della regione di cui è capoluogo Lombardia
100%
Nome della statua presente sulla sommità del Duomo, protagonista di una canzone Madonnina
100%
Milano è considerata una delle capitali di questo settore Moda
98%
Dolce tradizionale natalizio diffuso in tutta Italia, ma di origine milanese Panettone
98%
Scrittore de "I promessi sposi" Alessandro Manzoni
96%
Il teatro d'opera più famoso di Milano ed uno dei più importanti a livello mondiale Teatro alla Scala
96%
Insieme a Genova e Torino componeva questa figura geometrica durante gli anni del boom economico Triangolo industriale
96%
Canali artificiali che attraversano Milano Navigli
94%
Il castello più famoso di Milano, voluto dalla famiglia della domanda precedente Castello sforzesco
88%
Pezzo di carne bovina, solitamente servito con il risotto alla milanese Ossobuco
84%
Nome della galleria famosa per i suoi negozi di moda di lusso Galleria Vittorio Emanuele II
80%
Dinastia a capo del Ducato di Milano nel Rinascimento Sforza
80%
Famosa conduttrice italiana, moglie di Raimondo Vianello Sandra Mondaini
67%
Quartiere in cui sono presenti grattacieli ed appartamenti lussuosi, il parco omonimo conta più di 1000 alberi CityLife
61%
Popolo che fondò Milano Celti
51%
Luogo di Milano che comprende via della Spiga, via Montenapoleone, via Manzoni e Corso Venezia Quadrilatero della moda
39%
Monumento eretto per celebrare le vittorie di Napoleone Bonaparte Arco della Pace
35%
Nessun quiz corrispondente trovato
Distribuzione punteggi
Percentuale di utenti per punteggio
Percentile per numero di risposta
I tuoi punteggi nel tempo
Non hai fatto questo quiz